Normal view
MARC view
- Lucas, Henry C Jr
Entry Personal Name
001 - CONTROL NUMBER
- control field: 73677
003 - CONTROL NUMBER IDENTIFIER
- control field: NUST
005 - DATE AND TIME OF LATEST TRANSACTION
- control field: 20210628205045.0
008 - FIXED-LENGTH DATA ELEMENTS
- fixed length control field: 210628|| aca||aabn | a|a d
040 ## - CATALOGING SOURCE
- Original cataloging agency: NUST
- Transcribing agency: NUST
100 ## - HEADING--PERSONAL NAME
- Personal name: Lucas, Henry C Jr
670 ## - SOURCE DATA FOUND
- Source citation: Work cat.: (NUST): Lucas, Henry C Jr, Information technology for management, 2014
